[Event "SVK-chT1W 2122"]
[Site "Slovakia"]
[Date "2022.02.27"]
[Round "4.2"]
[White "Vlcek, Stanislav"]
[Black "Berczes, Csaba"]
[Result "1/2-1/2"]
[WhiteElo "2231"]
[BlackElo "2322"]
[PlyCount "65"]
[EventDate "2021.11.06"]
[EventType "team-tourn"]
[EventRounds "11"]
[EventCountry "SVK"]
[SourceTitle "EXT 2023"]
[Source "ChessBase"]
[SourceDate "2022.10.05"]
[SourceVersion "1"]
[SourceVersionDate "2022.10.05"]
[SourceQuality "1"]
[WhiteTeam "Bratislava Doprastav"]
[BlackTeam "Gabcikovo MSK"]
[WhiteTeamCountry "SVK"]
[BlackTeamCountry "SVK"]

1. e4 d6 2. d4 Nf6 3. Nc3 e5 4. Nf3 Nbd7 5. Bc4 Be7 6. 0-0 0-0 7. a4 c6 8. Re1 b6 9. d5 cxd5 10. Nxd5 Bb7 11. b3 Rc8 12. Re2 Nxd5 13. Bxd5 Ba6 14. c4 Nf6 15. Ne1 Rc5 16. Nd3 Nxd5 17. exd5 Rc8 18. a5 Bb7 19. axb6 axb6 20. Ra7 Qd7 21. Nb4 b5 22. Nc6 bxc4 23. bxc4 Rc7 24. Nxe7+ Qxe7 25. Rb2 Bc8 26. Rxc7 Qxc7 27. Qb3 Ba6 28. Rc2 Rc8 29. Ba3 Qa5 30. Qb4 Qxb4 31. Bxb4 Bxc4 32. Bxd6 Ra8 33. Bxe5 1/2-1/2

[Event "SVK-chT1W 1920"]
[Site "Slovakia"]
[Date "2020.06.20"]
[Round "10.3"]
[White "Vlcek, Stanislav"]
[Black "Kukel, Imre1111"]
[Result "0-1"]
[WhiteElo "2249"]
[BlackElo "2244"]
[PlyCount "72"]
[EventDate "2019.10.12"]
[EventType "team-tourn"]
[EventRounds "11"]
[EventCountry "SVK"]
[SourceTitle "EXT 2022"]
[Source "ChessBase"]
[SourceDate "2021.10.06"]
[SourceVersion "1"]
[SourceVersionDate "2021.10.06"]
[SourceQuality "1"]
[WhiteTeam "Bratislava Doprastav"]
[BlackTeam "Komarno"]
[WhiteTeamCountry "SVK"]
[BlackTeamCountry "SVK"]

1. e4 c5 2. Nf3 d6 3. d4 cxd4 4. Nxd4 Nf6 5. Nc3 a6 6. f4 e5 7. Nf3 Qc7 8. a4 Be6 9. f5 Bc4 10. Bd3 Nbd7 11. 0-0 Rc8 12. Qe2 d5 13. exd5 Bc5+ 14. Kh1 Bxd5 15. Nxd5 Nxd5 16. Bc4 N5f6 17. Bg5 0-0 18. Nd2 Qc6 19. Bb3 e4 20. Nc4 Rfe8 21. Rad1 b5 22. axb5 axb5 23. Ne3 h6 24. Bf4 Nb6 25. h3 Bxe3 26. Bxe3 Nbd5 27. Bd4 e3 28. Bxf6 Nxf6 29. Rd3 Ne4 30. Qxe3 Nc5 31. Qg3 Nxd3 32. f6 g5 33. Qxd3 Qe4 34. Qxb5 Rcd8 35. Ba4 Re6 36. Qa5 Ra8 0-1

[Event "SVK-chT1W 1920"]
[Site "Slovakia"]
[Date "2019.10.13"]
[Round "2.3"]
[White "Vlcek, Stanislav"]
[Black "Istona, Martin"]
[Result "1-0"]
[WhiteElo "2299"]
[BlackElo "2237"]
[PlyCount "53"]
[EventDate "2019.10.12"]
[EventType "team-tourn"]
[EventRounds "11"]
[EventCountry "SVK"]
[SourceTitle "CBM 193 Extra"]
[Source "ChessBase"]
[SourceDate "2020.01.31"]
[SourceVersion "1"]
[SourceVersionDate "2020.01.31"]
[SourceQuality "1"]
[WhiteTeam "Bratislava Doprastav"]
[BlackTeam "Osuske"]
[WhiteTeamCountry "SVK"]
[BlackTeamCountry "SVK"]

1. e4 c5 2. Nf3 Nc6 3. d4 cxd4 4. Nxd4 Nf6 5. Nc3 e5 6. Ndb5 d6 7. Bg5 a6 8. Na3 b5 9. Bxf6 gxf6 10. Nd5 f5 11. Bd3 Be6 12. Qh5 Rg8 13. g3 Rg5 14. Qd1 fxe4 15. Bxe4 Rc8 16. c3 f5 17. Bf3 Be7 18. 0-0 Kf8 19. Nc2 Rg7 20. a4 e4 21. axb5 axb5 22. Be2 Ne5 23. Nf4 Bd7 24. Nd4 Rg6 25. Nxg6+ Nxg6 26. Bxb5 Bxb5 27. Ne6+ 1-0

[Event "AUT-chT2O 1819"]
[Site "Austria"]
[Date "2019.03.10"]
[Round "9.6"]
[White "Vlcek, Stanislav"]
[Black "Lenz, Alarich"]
[Result "1/2-1/2"]
[WhiteElo "2284"]
[BlackElo "2126"]
[PlyCount "75"]
[EventDate "2018.10.06"]
[EventType "team-tourn"]
[EventRounds "11"]
[EventCountry "AUT"]
[SourceTitle "CBM 189 Extra"]
[Source "ChessBase"]
[SourceDate "2019.06.03"]
[SourceVersion "1"]
[SourceVersionDate "2019.06.03"]
[SourceQuality "1"]
[WhiteTeam "Nickelsdorf Blackburne"]
[BlackTeam "Tschaturanga"]
[WhiteTeamCountry "AUT"]
[BlackTeamCountry "AUT"]

1. e4 c5 2. Nf3 g6 3. d4 cxd4 4. Nxd4 Nc6 5. c4 Bg7 6. Be3 Nf6 7. Nc3 0-0 8. Be2 d6 9. 0-0 Bd7 10. Qd2 Nxd4 11. Bxd4 Bc6 12. f3 a5 13. b3 Nd7 14. Be3 Nc5 15. Rfc1 e6 16. Rc2 Be5 17. Bf1 f5 18. exf5 gxf5 19. Bd4 Qh4 20. Bxe5 dxe5 21. Rd1 Rad8 22. Qe3 Rxd1 23. Nxd1 Qd4 24. Rd2 Qxe3+ 25. Nxe3 Kf7 26. Kf2 Ke7 27. Nd1 Rg8 28. g3 Kf6 29. Ke3 Ke7 30. Be2 Kf6 31. Nc3 Ke7 32. Bd1 Ra8 33. a3 Kf6 34. Bc2 Be8 35. Rd6 Ke7 36. Rd1 Rc8 37. g4 Bg6 38. gxf5 1/2-1/2

[Event "SVK-chT2A 1819"]
[Site "Slovakia"]
[Date "2018.11.17"]
[Round "3.2"]
[White "Vlcek, Stanislav"]
[Black "Kapusta, Petr"]
[Result "1-0"]
[WhiteElo "2291"]
[BlackElo "2184"]
[PlyCount "141"]
[EventDate "2018.10.13"]
[EventType "team-tourn"]
[EventRounds "11"]
[EventCountry "SVK"]
[SourceTitle "CBM 189 Extra"]
[Source "ChessBase"]
[SourceDate "2019.06.03"]
[SourceVersion "1"]
[SourceVersionDate "2019.06.03"]
[SourceQuality "1"]
[WhiteTeam "Bratislava Doprastav"]
[BlackTeam "Skalica"]
[WhiteTeamCountry "SVK"]
[BlackTeamCountry "SVK"]

1. e4 c5 2. Nf3 d6 3. d4 cxd4 4. Nxd4 Nf6 5. Nc3 a6 6. f4 e5 7. Nf3 Nbd7 8. a4 Be7 9. Bd3 0-0 10. 0-0 b6 11. Nh4 Nc5 12. Nf5 Bxf5 13. exf5 e4 14. Bc4 Qd7 15. g4 d5 16. Nxd5 Nxd5 17. Qxd5 Qc7 18. Qe5 Bd6 19. Qc3 Rac8 20. Be3 Rfd8 21. Bd5 Qd7 22. Qc4 h5 23. Qe2 Nxa4 24. c4 b5 25. Kh1 bxc4 26. gxh5 Qxf5 27. Bxc4 Nc5 28. Ra5 Qh3 29. Rg1 Bf8 30. Rg3 Qh4 31. f5 Qf6 32. h6 Qxf5 33. hxg7 Bd6 34. Rg5 Qf3+ 35. Qxf3 exf3 36. Rf5 Ne6 37. b3 Bb4 38. Ra1 Bc3 39. Rf1 Bd4 40. R5xf3 Bxe3 41. Rxe3 Rd6 42. Ref3 Rc7 43. Rg3 a5 44. Rf5 a4 45. Bxe6 Rxe6 46. bxa4 Rc1+ 47. Kg2 Ra1 48. Rxf7 Ra2+ 49. Rf2 Ree2 50. Rxe2 Rxe2+ 51. Kh3 Ra2 52. Rg4 Ra3+ 53. Kh4 Ra2 54. Kg3 Ra3+ 55. Kf2 Ra2+ 56. Ke3 Rxh2 57. Kd4 Rc2 58. Kd5 Rc1 59. Kd6 Rc2 60. a5 Ra2 61. Rg5 Rc2 62. Kd7 Rc1 63. a6 Ra1 64. Rg6 Rc1 65. Kd8 Rc2 66. Rd6 Kxg7 67. a7 Ra2 68. Rd7+ Kf6 69. Kc8 Ke6 70. Rb7 Rh2 71. Rb6+ 1-0

[Event "AUT-chT2O 1819"]
[Site "Austria"]
[Date "2018.10.07"]
[Round "2.3"]
[White "Vlcek, Stanislav"]
[Black "Schwab, Lukas"]
[Result "1/2-1/2"]
[WhiteElo "2284"]
[BlackElo "2190"]
[PlyCount "184"]
[EventDate "2018.10.06"]
[EventType "team-tourn"]
[EventRounds "11"]
[EventCountry "AUT"]
[SourceTitle "CBM 186 Extra"]
[Source "ChessBase"]
[SourceDate "2018.08.24"]
[SourceVersion "1"]
[SourceVersionDate "2018.08.24"]
[SourceQuality "1"]
[WhiteTeam "Nickelsdorf Blackburne"]
[BlackTeam "Donaustadt"]
[WhiteTeamCountry "AUT"]
[BlackTeamCountry "AUT"]

1. c4 e6 2. g3 d5 3. Bg2 Nf6 4. Nf3 dxc4 5. Qa4+ Nbd7 6. Qxc4 c5 7. 0-0 a6 8. a4 b5 9. Qc2 Bb7 10. b3 Be7 11. Nc3 Qb6 12. d3 0-0 13. Be3 Rfc8 14. h3 Nd5 15. Nxd5 exd5 16. axb5 Qxb5 17. Rfc1 Nf8 18. Qd1 Ne6 19. Rab1 Bf6 20. Bd2 Rab8 21. Bc3 Bxc3 22. Rxc3 h6 23. Rcc1 Re8 24. e3 Qb4 25. Ne5 Rbd8 26. Qh5 Ng5 27. Nf3 Ne6 28. Qf5 Bc8 29. Qh5 Bb7 30. h4 Re7 31. Qf5 Bc8 32. Qe5 Kf8 33. Qb2 Bb7 34. Ra1 Qb5 35. Ne5 Kg8 36. Bf1 Qb6 37. Ra4 Rde8 38. Bg2 Qd6 39. Nf3 Qb6 40. d4 c4 41. Qc3 cxb3 42. Rb4 Qa7 43. Qxb3 Ba8 44. Ne5 Rb7 45. Qa4 Reb8 46. Nc6 Rxb4 47. Nxb4 Nc7 48. Qd7 Nb5 49. Qxa7 Nxa7 50. Nxa6 Rd8 51. Rc5 Nc8 52. Rc7 Kf8 53. Bf1 Ne7 54. Bh3 Bc6 55. Nb4 Ba4 56. Nd3 Bb3 57. Ne5 Ba4 58. Bg4 Bb5 59. Rb7 Ba4 60. Kg2 Bc2 61. Bh5 g6 62. Bg4 h5 63. Be2 Bf5 64. Rc7 Rc8 65. Nd7+ Kg7 66. Rxc8 Nxc8 67. Nc5 Nb6 68. f3 Kf6 69. Bb5 Ke7 70. Kf2 Bc8 71. e4 f6 72. Ke3 Bh3 73. Bc6 dxe4 74. fxe4 Nc4+ 75. Kf4 Bg2 76. Nd3 Nd2 77. d5 Kd6 78. e5+ fxe5+ 79. Nxe5 Bxd5 80. Bxd5 Kxd5 81. Nxg6 Ke6 82. Kg5 Ne4+ 83. Kf4 Nd6 84. Ne5 Kf6 85. Nd3 Nf7 86. Ke4 Nd6+ 87. Kf4 Nf5 88. Nc5 Ne7 89. Ne4+ Kg6 90. Ke5 Nf5 91. Ke6 Nd4+ 92. Ke5 Nf5 1/2-1/2

[Event "AUT-chT2O 1819"]
[Site "Austria"]
[Date "2018.10.06"]
[Round "1.3"]
[White "Sharashenidze, Akaki"]
[Black "Vlcek, Stanislav"]
[Result "1-0"]
[WhiteElo "2354"]
[BlackElo "2284"]
[PlyCount "59"]
[EventDate "2018.10.06"]
[EventType "team-tourn"]
[EventRounds "11"]
[EventCountry "AUT"]
[SourceTitle "CBM 186 Extra"]
[Source "ChessBase"]
[SourceDate "2018.08.24"]
[SourceVersion "1"]
[SourceVersionDate "2018.08.24"]
[SourceQuality "1"]
[WhiteTeam "Baden Invest"]
[BlackTeam "Nickelsdorf Blackburne"]
[WhiteTeamCountry "AUT"]
[BlackTeamCountry "AUT"]

1. e4 c5 2. Nf3 d6 3. Bb5+ Bd7 4. Bxd7+ Qxd7 5. c4 Nc6 6. Nc3 g6 7. d4 cxd4 8. Nxd4 Nf6 9. 0-0 Nxd4 10. Qxd4 Bg7 11. b3 0-0 12. Bb2 Rfc8 13. Rad1 Qe6 14. f3 Nd7 15. Qd2 a6 16. Nd5 Bxb2 17. Qxb2 b5 18. cxb5 axb5 19. Rc1 Nc5 20. Qe2 Rab8 21. Rc2 Qd7 22. Rfc1 Kg7 23. b4 Na4 24. Rc7 Qd8 25. Qe3 e6 26. Qf4 Rxc7 27. Rxc7 exd5 28. Qxf7+ Kh6 29. Qxh7+ Kg5 30. Rf7 1-0

[Event "AUT-chT 1617"]
[Site "Austria"]
[Date "2017.03.26"]
[Round "8.6"]
[White "Shengelia, Davit"]
[Black "Vlcek, Stanislav"]
[Result "1-0"]
[WhiteElo "2557"]
[BlackElo "2280"]
[PlyCount "63"]
[EventDate "2016.10.20"]
[EventType "team-tourn"]
[EventRounds "11"]
[EventCountry "AUT"]
[SourceTitle "CBM 177 Extra"]
[Source "ChessBase"]
[SourceDate "2017.04.27"]
[SourceVersion "1"]
[SourceVersionDate "2017.04.27"]
[SourceQuality "1"]
[WhiteTeam "Jenbach"]
[BlackTeam "Nickelsdorf Blackburne"]
[WhiteTeamCountry "AUT"]
[BlackTeamCountry "AUT"]

1. Nf3 Nf6 2. d4 g6 3. Bg5 Bg7 4. Nbd2 c5 5. e3 d6 6. Bd3 Nc6 7. c3 cxd4 8. exd4 h6 9. Bh4 0-0 10. 0-0 e5 11. dxe5 dxe5 12. Ne4 Bf5 13. Qc2 Bxe4 14. Bxe4 g5 15. Bxc6 bxc6 16. Bg3 e4 17. Rad1 Qc8 18. Nd4 Re8 19. Qa4 c5 20. Nb5 Qc6 21. Qc4 Nh5 22. Rd6 Qc8 23. Rfd1 Nxg3 24. Rd7 Rf8 25. hxg3 e3 26. fxe3 Be5 27. Re7 a6 28. Nd6 Bxd6 29. Rxd6 Qf5 30. g4 Qb1+ 31. Kh2 Rad8 32. Rxd8 1-0

[Event "AUT-chT 1617"]
[Site "Austria"]
[Date "2017.03.23"]
[Round "5.2"]
[White "Vlcek, Stanislav"]
[Black "De Francesco, Klaus"]
[Result "1/2-1/2"]
[WhiteElo "2280"]
[BlackElo "2235"]
[PlyCount "59"]
[EventDate "2016.10.20"]
[EventType "team-tourn"]
[EventRounds "11"]
[EventCountry "AUT"]
[SourceTitle "CBM 177 Extra"]
[Source "ChessBase"]
[SourceDate "2017.04.27"]
[SourceVersion "1"]
[SourceVersionDate "2017.04.27"]
[SourceQuality "1"]
[WhiteTeam "Nickelsdorf Blackburne"]
[BlackTeam "Absam"]
[WhiteTeamCountry "AUT"]
[BlackTeamCountry "AUT"]

1. e4 e6 2. d4 d5 3. Nc3 Nf6 4. Bg5 Be7 5. e5 Nfd7 6. Bxe7 Qxe7 7. f4 a6 8. Nf3 Nb6 9. Qd2 Bd7 10. Be2 c5 11. 0-0 Nc6 12. Nd1 cxd4 13. Nxd4 Qc5 14. c3 0-0 15. Ne3 Rac8 16. Kh1 Rc7 17. Bd3 Nc4 18. Nxc4 dxc4 19. Be4 Nxd4 20. cxd4 Qe7 21. Rad1 g6 22. Qa5 Rfc8 23. d5 exd5 24. Bxd5 Bc6 25. Bxc6 Rxc6 26. Rf3 b5 27. a3 Qc7 28. Qc3 a5 29. f5 b4 30. axb4 1/2-1/2

[Event "AUT-chT 1617"]
[Site "Austria"]
[Date "2016.10.23"]
[Round "4.5"]
[White "Sebenik, Matej"]
[Black "Vlcek, Stanislav"]
[Result "1-0"]
[WhiteElo "2532"]
[BlackElo "2280"]
[PlyCount "97"]
[EventDate "2016.10.20"]
[EventType "team-tourn"]
[EventRounds "11"]
[EventCountry "AUT"]
[SourceTitle "CBM 175 Extra"]
[Source "ChessBase"]
[SourceDate "2016.12.12"]
[SourceVersion "1"]
[SourceVersionDate "2016.12.12"]
[SourceQuality "1"]
[WhiteTeam "Raika Feffernitz"]
[BlackTeam "Nickelsdorf Blackburne"]
[WhiteTeamCountry "AUT"]
[BlackTeamCountry "AUT"]

1. d4 Nf6 2. c4 g6 3. Nc3 Bg7 4. e4 d6 5. Nf3 0-0 6. Be2 e5 7. 0-0 Nc6 8. Be3 Re8 9. dxe5 dxe5 10. h3 Be6 11. Re1 Qxd1 12. Raxd1 Red8 13. a3 h6 14. Nd5 Ne8 15. b4 Nd4 16. Bxd4 exd4 17. e5 c6 18. Nf4 Nc7 19. Nxd4 Bxe5 20. Ndxe6 Nxe6 21. Nxe6 fxe6 22. Bd3 Bf6 23. Bxg6 Rxd1 24. Rxd1 Rd8 25. Re1 Kg7 26. Bh5 e5 27. Re3 Rd4 28. c5 Kf8 29. g3 Rc4 30. Kg2 a5 31. Be2 Rc2 32. h4 axb4 33. axb4 Rb2 34. Re4 Ke7 35. Bg4 Kd8 36. Bf5 Rd2 37. Kf3 Rd4 38. Kg4 Ke7 39. Kh5 Rxe4 40. Bxe4 Bg7 41. Kg6 Bf8 42. h5 b6 43. cxb6 Kd7 44. b7 Kc7 45. g4 Kxb7 46. b5 Bc5 47. bxc6+ Kc7 48. Kxh6 Bxf2 49. Kg6 1-0

[Event "AUT-chT 1617"]
[Site "Austria"]
[Date "2016.10.22"]
[Round "3.5"]
[White "Vlcek, Stanislav"]
[Black "Breder, Dennis"]
[Result "1-0"]
[WhiteElo "2280"]
[BlackElo "2473"]
[PlyCount "69"]
[EventDate "2016.10.20"]
[EventType "team-tourn"]
[EventRounds "11"]
[EventCountry "AUT"]
[SourceTitle "CBM 175 Extra"]
[Source "ChessBase"]
[SourceDate "2016.12.12"]
[SourceVersion "1"]
[SourceVersionDate "2016.12.12"]
[SourceQuality "1"]
[WhiteTeam "Nickelsdorf Blackburne"]
[BlackTeam "Hohenems"]
[WhiteTeamCountry "AUT"]
[BlackTeamCountry "AUT"]

1. c4 e6 2. g3 d5 3. Bg2 dxc4 4. Na3 Bxa3 5. Qa4+ Bd7 6. Qxa3 Bc6 7. Nf3 b5 8. 0-0 Ne7 9. d3 cxd3 10. Rd1 Be4 11. Bf4 Nd5 12. exd3 Bxf3 13. Bxf3 b4 14. Qb3 Nc6 15. Qa4 Qd7 16. Bxd5 exd5 17. Re1+ Ne7 18. Qxb4 a5 19. Qc5 f6 20. Rac1 Kf7 21. Rxe7+ Qxe7 22. Qxd5+ Kg6 23. g4 h5 24. Qf5+ Kf7 25. Rxc7 Qxc7 26. Bxc7 hxg4 27. Qd7+ Kg8 28. d4 a4 29. Qe6+ Kh7 30. Qf5+ Kg8 31. d5 a3 32. b4 g3 33. hxg3 Re8 34. Kg2 Re2 35. d6 1-0

[Event "AUT-chT 1617"]
[Site "Austria"]
[Date "2016.10.20"]
[Round "1.4"]
[White "Kvetny, Mark"]
[Black "Vlcek, Stanislav"]
[Result "1-0"]
[WhiteElo "2387"]
[BlackElo "2280"]
[PlyCount "59"]
[EventDate "2016.10.20"]
[EventType "team-tourn"]
[EventRounds "11"]
[EventCountry "AUT"]
[SourceTitle "CBM 175 Extra"]
[Source "ChessBase"]
[SourceDate "2016.12.12"]
[SourceVersion "1"]
[SourceVersionDate "2016.12.12"]
[SourceQuality "1"]
[WhiteTeam "Goetzis"]
[BlackTeam "Nickelsdorf Blackburne"]
[WhiteTeamCountry "AUT"]
[BlackTeamCountry "AUT"]

1. d4 Nf6 2. c4 g6 3. Nc3 Bg7 4. e4 d6 5. Be2 0-0 6. Bg5 Na6 7. f4 c5 8. d5 h6 9. Bh4 Nc7 10. Nf3 Bg4 11. 0-0 Qd7 12. Qd2 e6 13. e5 Nfe8 14. Rae1 exd5 15. cxd5 Kh8 16. h3 Bxf3 17. Bxf3 f5 18. e6 Qc8 19. Be7 Rg8 20. g4 Bf6 21. Bxf6+ Nxf6 22. gxf5 gxf5+ 23. Kh2 Qd8 24. Qd3 Ng4+ 25. hxg4 Qh4+ 26. Kg2 Rxg4+ 27. Bxg4 Rg8 28. Re3 Nxd5 29. Nxd5 Rxg4+ 30. Rg3 1-0

[Event "AUT-chT2O 1516"]
[Site "Austria"]
[Date "2016.04.10"]
[Round "11.4"]
[White "Vlcek, Stanislav"]
[Black "Matt, Fabian"]
[Result "0-1"]
[WhiteElo "2286"]
[BlackElo "2276"]
[PlyCount "92"]
[EventDate "2015.10.17"]
[EventType "team-tourn"]
[EventRounds "11"]
[EventCountry "AUT"]
[SourceTitle "EXT 2017"]
[Source "ChessBase"]
[SourceDate "2016.10.25"]
[SourceVersion "1"]
[SourceVersionDate "2016.10.25"]
[SourceQuality "1"]
[WhiteTeam "Nickelsdorf Blackburne"]
[BlackTeam "Tschaturanga"]
[WhiteTeamCountry "AUT"]
[BlackTeamCountry "AUT"]

1. e4 c5 2. Nf3 e6 3. d3 d5 4. Nbd2 Nc6 5. g3 g6 6. Bg2 Bg7 7. 0-0 Nge7 8. Re1 0-0 9. h4 b6 10. e5 Qc7 11. Qe2 Nb4 12. Nf1 c4 13. d4 c3 14. b3 a5 15. a3 Ba6 16. Qd1 Nbc6 17. Bf4 b5 18. N1h2 h5 19. g4 hxg4 20. Nxg4 Nf5 21. Ne3 Bh6 22. Bg5 Bxg5 23. hxg5 Nxe3 24. Rxe3 b4 25. a4 Kg7 26. Nh2 Qe7 27. Qg4 Rh8 28. Rh3 Rxh3 29. Bxh3 Rh8 30. Bf1 Bxf1 31. Rxf1 Qa7 32. Rd1 Ne7 33. Nf1 Nf5 34. Ng3 Nxg3 35. Qxg3 Rh5 36. f4 Qa8 37. Kf2 Qh8 38. Rg1 Rh3 39. Qg4 Rh4 40. Qf3 Rh2+ 41. Rg2 Rh1 42. Ke2 Rc1 43. Ke3 Qh4 44. Qf2 Re1+ 45. Kd3 Qh3+ 46. Rg3 Qf5# 0-1

[Event "SVK-chT1W 1516"]
[Site "Slovakia"]
[Date "2016.03.20"]
[Round "11.2"]
[White "Vlcek, Stanislav"]
[Black "Maros, Milan"]
[Result "1/2-1/2"]
[WhiteElo "2291"]
[BlackElo "2337"]
[PlyCount "37"]
[EventDate "2015.10.24"]
[EventType "team-tourn"]
[EventRounds "11"]
[EventCountry "SVK"]
[SourceTitle "EXT 2017"]
[Source "ChessBase"]
[SourceDate "2016.10.25"]
[SourceVersion "1"]
[SourceVersionDate "2016.10.25"]
[SourceQuality "1"]
[WhiteTeam "Bratislava Doprastav"]
[BlackTeam "Nitra"]
[WhiteTeamCountry "SVK"]
[BlackTeamCountry "SVK"]

1. e4 e5 2. Nf3 Nf6 3. Nxe5 d6 4. Nf3 Nxe4 5. d4 d5 6. Bd3 Nc6 7. 0-0 Be7 8. c4 Nf6 9. Nc3 0-0 10. h3 Nb4 11. Be2 dxc4 12. Bxc4 c6 13. Re1 Nbd5 14. Qb3 Nb6 15. Bd3 Nfd5 16. Qc2 g6 17. a3 Nxc3 18. bxc3 c5 19. Bh6 1/2-1/2

[Event "AUT-chT2O 1516"]
[Site "Austria"]
[Date "2016.02.21"]
[Round "6.6"]
[White "Vlcek, Stanislav"]
[Black "Steiner, Johann"]
[Result "1-0"]
[WhiteElo "2286"]
[BlackElo "2058"]
[PlyCount "77"]
[EventDate "2015.10.17"]
[EventType "team-tourn"]
[EventRounds "11"]
[EventCountry "AUT"]
[SourceTitle "EXT 2017"]
[Source "ChessBase"]
[SourceDate "2016.10.25"]
[SourceVersion "1"]
[SourceVersionDate "2016.10.25"]
[SourceQuality "1"]
[WhiteTeam "Nickelsdorf Blackburne"]
[BlackTeam "Austria"]
[WhiteTeamCountry "AUT"]
[BlackTeamCountry "AUT"]

1. e4 d5 2. exd5 Qxd5 3. Nc3 Qd8 4. d4 Nf6 5. Bf4 e6 6. Nf3 c6 7. Bd3 Be7 8. Qe2 Nbd7 9. 0-0 Nd5 10. Bg3 Nxc3 11. bxc3 Nf6 12. c4 0-0 13. Rfd1 Qa5 14. Ne5 c5 15. d5 exd5 16. cxd5 Nxd5 17. Nc4 Qd8 18. Be4 Nc3 19. Bxh7+ Kxh7 20. Qh5+ Kg8 21. Rxd8 Rxd8 22. Be5 Be6 23. Bxc3 Bxc4 24. Qg4 Rd4 25. Bxd4 cxd4 26. Qd7 Bf6 27. Qxb7 Rd8 28. Qc7 Be6 29. Rb1 Bxa2 30. Rb8 Rxb8 31. Qxb8+ Kh7 32. Qxa7 Be6 33. Qc5 g6 34. f3 Bf5 35. h3 Be6 36. f4 Bg7 37. g4 f5 38. Qe7 Bc8 39. Qh4+ 1-0

[Event "AUT-chT2O 1516"]
[Site "Austria"]
[Date "2016.02.20"]
[Round "5.1"]
[White "Vlcek, Stanislav"]
[Black "Hofegger, Jakob"]
[Result "1-0"]
[WhiteElo "2286"]
[BlackElo "1990"]
[PlyCount "79"]
[EventDate "2015.10.17"]
[EventType "team-tourn"]
[EventRounds "11"]
[EventCountry "AUT"]
[SourceTitle "EXT 2017"]
[Source "ChessBase"]
[SourceDate "2016.10.25"]
[SourceVersion "1"]
[SourceVersionDate "2016.10.25"]
[SourceQuality "1"]
[WhiteTeam "Nickelsdorf Blackburne"]
[BlackTeam "Baden Invest"]
[WhiteTeamCountry "AUT"]
[BlackTeamCountry "AUT"]

1. Nf3 Nf6 2. c4 g6 3. g3 Bg7 4. Bg2 0-0 5. Nc3 d6 6. 0-0 e5 7. d3 Nc6 8. Rb1 a5 9. a3 h6 10. b4 axb4 11. axb4 Be6 12. b5 Ne7 13. Nd2 Rb8 14. Qb3 Nd7 15. Nd5 Nc5 16. Qc2 f5 17. f4 b6 18. Bb2 g5 19. e3 Ng6 20. d4 Nd7 21. fxe5 dxe5 22. Nb4 Nf6 23. Nc6 Qe8 24. Nxb8 Qxb8 25. d5 Bd7 26. Nf3 Ne4 27. Ra1 Qd8 28. Ra7 g4 29. Nd2 Nc5 30. Nb3 Qg5 31. Nxc5 bxc5 32. Rxc7 Qd8 33. d6 Rf6 34. Ra1 e4 35. Bxf6 Bxf6 36. Raa7 Ne5 37. Bxe4 fxe4 38. Qxe4 Qf8 39. Rxd7 Nxd7 40. Rxd7 1-0

[Event "SVK-chT 1415"]
[Site "Slovakia"]
[Date "2015.03.22"]
[Round "11.5"]
[White "Plachetka, Jan"]
[Black "Vlcek, Stanislav"]
[Result "1/2-1/2"]
[WhiteElo "2363"]
[BlackElo "2321"]
[PlyCount "27"]
[EventDate "2014.10.25"]
[EventType "team-tourn"]
[EventRounds "11"]
[EventCountry "SVK"]
[SourceTitle "EXT 2016"]
[Source "ChessBase"]
[SourceDate "2015.10.08"]
[SourceVersion "1"]
[SourceVersionDate "2015.10.08"]
[SourceQuality "1"]
[WhiteTeam "Liptov Chess School"]
[BlackTeam "Bratislava Doprastav"]
[WhiteTeamCountry "SVK"]
[BlackTeamCountry "SVK"]

1. e4 c5 2. Nf3 d6 3. Nc3 Nf6 4. d4 cxd4 5. Nxd4 a6 6. Bc4 e6 7. a3 b5 8. Ba2 Be7 9. 0-0 0-0 10. f4 Bb7 11. Qf3 Nbd7 12. f5 e5 13. Nde2 a5 14. Bg5 1/2-1/2

[Event "AUT-chT2O 1415"]
[Site "Austria"]
[Date "2015.03.08"]
[Round "11.5"]
[White "Higatsberger, Michael"]
[Black "Vlcek, Stanislav"]
[Result "1/2-1/2"]
[WhiteElo "2137"]
[BlackElo "2321"]
[PlyCount "63"]
[EventDate "2014.10.18"]
[EventType "team-tourn"]
[EventRounds "11"]
[EventCountry "AUT"]
[SourceTitle "EXT 2016"]
[Source "ChessBase"]
[SourceDate "2015.10.08"]
[SourceVersion "1"]
[SourceVersionDate "2015.10.08"]
[SourceQuality "1"]
[WhiteTeam "Austria"]
[BlackTeam "Nickelsdorf"]
[WhiteTeamCountry "AUT"]
[BlackTeamCountry "AUT"]

1. e4 c5 2. Nf3 d6 3. Bb5+ Bd7 4. Bxd7+ Qxd7 5. 0-0 Nf6 6. Qe2 Nc6 7. Rd1 e6 8. d4 cxd4 9. Nxd4 Be7 10. c4 0-0 11. Nc3 Nxd4 12. Rxd4 Qc6 13. Bg5 Rfc8 14. Rad1 e5 15. R4d3 Qxc4 16. Bxf6 Bxf6 17. Rxd6 Qxe2 18. Nxe2 Rc2 19. R1d2 Rac8 20. g3 Bg5 21. f4 exf4 22. gxf4 Be7 23. Rd7 Rxd2 24. Rxd2 Kf8 25. Kg2 Ke8 26. Kf3 Bb4 27. Rd3 b6 28. a3 Bc5 29. b4 Be7 30. Nc3 Rc4 31. Nd5 g6 32. Rc3 1/2-1/2

[Event "SVK-chT 1314"]
[Site "Slovakia"]
[Date "2014.03.30"]
[Round "11.2"]
[White "Jurcik, Martin"]
[Black "Vlcek, Stanislav"]
[Result "1/2-1/2"]
[WhiteElo "2359"]
[BlackElo "2312"]
[PlyCount "47"]
[EventDate "2013.11.09"]
[EventType "team-tourn"]
[EventRounds "11"]
[EventCountry "SVK"]
[SourceTitle "EXT 2015"]
[Source "ChessBase"]
[SourceDate "2014.11.20"]
[SourceVersion "1"]
[SourceVersionDate "2014.11.20"]
[SourceQuality "1"]
[WhiteTeam "Cadca"]
[BlackTeam "Bratislava Doprastav"]
[WhiteTeamCountry "SVK"]
[BlackTeamCountry "SVK"]

1. e4 c5 2. Nf3 d6 3. d4 cxd4 4. Nxd4 Nf6 5. Nc3 a6 6. Be2 e6 7. Be3 Be7 8. f4 0-0 9. Bf3 Qc7 10. Qe2 Nc6 11. 0-0-0 Nxd4 12. Bxd4 e5 13. Be3 exf4 14. Bxf4 Be6 15. e5 dxe5 16. Qxe5 Qxe5 17. Bxe5 Nd7 18. Bf4 Ra7 19. Ne2 Bf6 20. a3 b5 21. Nd4 Ne5 22. Bxe5 Bxe5 23. Nxe6 fxe6 24. Kb1 1/2-1/2